000 00895nam a2200325Ia 4500
001 3666
005 20240113233642.0
007 ta
008 050602s 199 a g b000 u eng u
020 _a0-07-460443-0
040 _aCotton College,Assam
041 _aeng
082 _a519.4
_bBh 469 Ap
100 _aBhat , N. Raghavendra.
245 0 _aApplied Mathematics /
_cN. Raghavendra Bhat & R. Mohan Singh.
_hTextual Documents
250 _a1st ed. /
260 _aNew Delhi :
_bTata Mcgraw-Hill Publishing Company Ltd ,
_cC 1993.
300 _a531p. :
_bill ;
_c21cm .
504 _aIndex
653 _aMathematics-Applied
653 _aApplied Mathematics
653 _aPG-Mathematics
653 _aT/G-Mathematics
700 _aSingh, R. Mohan .
942 _2ddc
_cBK
999 _c3654
_d3654